1253 1098 1625 1263 1285 1179 1387 1716 1229 1975 1854 1690 1692 1128 1563 1763 1789 1968 1681 1416 1901 1475 1915 1542 1318 1866 1501 1601 1657 1428 1041 1035 1053 1244 1234 1699 1254 1422 1366 1312 1481 1855 1734 1174 1185 1609 1794 1057 1649 1580 1961 1018 1454 1384 1405 1503 1874 1868 1814 1998 1644 1226 1252 1284 1585 1784 1143 1761 1242 1417 1841 1533 1278 1322 1442 1091 1926 1523 1601 1078 1672 1731 1663 1413 1636 1553 1751 1190 1486 1121 1832 1013 1530 1936 1345 1316 1875 1833 1538 BCNSPRNW ULIB Ver.6.0+V

เปลี่ยนเป็นภาษาไทย

Change to English
 แสดงรายละเอียดบรรณานุกรม
  กลับหน้าหลัก

Brief Record : Get Marc (ISO 2709) : E-mail record : QR code < ปิดหน้าต่าง
LEADER : 00000nam 2200000uu 4500
001    13399121226
003     ULIB
008    121109s2548||||th 000 0 tha d
020    ^a9749316509
041 0  ^atha/eng
050  4 ^aPE1130^bป328E
100 0  ^aประพิศ พงศ์พานิช
245 10 ^aบทสนทนาภาษาอังกฤษสำหรับบุคลากรทางการแพทย์.^nbook five =^bEnglish for the medical profession : doctors, nurses,students, everyone involved in health care /^c[คณะผู้จัดทำ, ประพิศ พงษ์พานิช, บ็อบ ก็อดสัน]
246 14 ^aEnglish for the medical profession in patients :^bบทสนทนาภาษาอังกฤษสำหรับบุคลากรทางการแพทย์
246 31 ^aEnglish for the medical profession : doctors, nurses,students, everyone involved in health care
250    ^aพิมพ์ครั้งที่ 1
260    ^aกรุงเทพฯ :^bโรงพยาบาลบีเอ็นเอช(บางกอกเนอสซิ่งโฮม),^c2548
300    ^a133 หน้า :^bภาพประกอบ ;^c22 ซม.
650  4 ^aภาษาอังกฤษ^xบทสนทนาและวลี
653    ^aOpen Your Eyes Project
700 1  ^aก็อดสัน, บ็อบ
945    ^p150^l0^i15243
995    ^aวิภา
999 ^a ทศพร
รายการนี้ยังไม่มีแท็ก
คุณยังไม่ได้ล็อกอิน คุณสามารถมีกิจกรรมร่วมกับเว็บไซต์ได้ แต่ต้องล็อกอินก่อน ::
  ล็อกอิน

รายการสื่อสารสนเทศ

ลำดับที่ ประเภท เลขเรียก/บาร์โค้ด สถานที่ สถานะ
1. วิทยาศาสตร์การแพทย์ และสุขภาพ
วิทยาศาสตร์การแพทย์ และสุขภาพ
PE1130 ป328E  
  Barcode: 15243
ห้องสมุดวิทยาเขตสวรรค์ประชารักษ์
►หนังสือทั่วไป
บนชั้น

รายการใกล้เคียง
    ผู้แต่ง [ประพิศ พงศ์พานิช]

BibComment


ยังไม่เคยถูกคอมเมนท์

คอมเมนท์ทรัพยากรรายการนี้
  คอมเมนท์: บทสนทนาภาษาอังกฤ..


 Copyright 2026. Bcnsprnw @Library